00582pab a2200169 454500008004000000100002200040245013200062260000900194300001500203362000800218650002500226773002400251908000600275909001000281999001700291952010400308180718b2011 xxu||||| |||| 00| 0 eng d aGenna, Gaspare M. aDoes North America have the right stuff? An analysis of compatibility and the potential deepening in north American integration c2011 ap.141-165. aFeb aEconomic integration aPolitics and Policy aN a92363 c92363d92363 00104070aIIPAbIIPAd2018-07-19hVolume no: 39, Issue no: 1pAR92823r2018-07-19w2018-07-19yAR